Les 10 meilleures nations du Football. - Statistiques

Statistiques générales
  • Ce quiz a été pris 37 129 fois
    1 806 depuis la dernière actualisation
  • Le résultat moyen est 9 sur 10
Statistiques - réponses
Rang Équipe Points % Correct
3 France 1870
100%
2 Argentine 1873.33
98%
1 Espagne 1877.18
98%
5 Brésil 1760.46
97%
6 Portugal 1760.38
92%
10 Allemagne 1724.15
92%
4 Angleterre 1834.12
91%
8 Maroc 1736.57
84%
9 Belgique 1730.71
81%
7 Pays Bas 1756.27
76%
Aucun quiz correspondant
Distribution des résultats
% des personnes avec chaque résultat
Percentile par nombre de réponses
Votre historique - résultats
Vous n’avez pas pris ce quiz depuis la dernière actualisation